[Event "YUG-ch53"]
[Site "Belgrade "]
[Date "1998.03.30"]
[Round "15"]
[White "Velimirovic, Dragoljub"]
[Black "Barlov, Dragan"]
[Result "1/2-1/2"]
[WhiteElo "2535"]
[BlackElo "2490"]
[PlyCount "87"]
[EventDate "1998.03.14"]
[EventType "tourn"]
[EventRounds "15"]
[EventCountry "YUG"]
[EventCategory "10"]
[Source "ChessBase"]
[SourceDate "1998.06.02"]
[WhiteTeamCountry "YUG"]
[BlackTeamCountry "RUS"]

1. e4 g6 2. d4 Bg7 3. Nc3 c6 4. f4 d6 5. Nf3 Qb6 6. Bc4 d5 7. exd5 Bg4 8. Bb3
Nh6 9. Na4 Qc7 10. c3 cxd5 11. Bxd5 O-O 12. h3 Bc8 13. Nc5 Nf5 14. Ne5 e6 15.
Bb3 Ng3 16. Rg1 b6 17. Ncd3 Bb7 18. Be3 Nc6 19. Nxc6 Bxc6 20. Bf2 Ne4 21. Qe2
a5 22. Ne5 Bb7 23. Rd1 a4 24. Bc2 Nxf2 25. Kxf2 a3 26. Bb3 Kh8 27. Rgf1 Ba6 28.
c4 f6 29. Nf3 axb2 30. Kg1 Rfc8 31. Qxb2 Qxf4 32. Qe2 Qd6 33. Rfe1 Re8 34. Rd3
Bb7 35. Kh1 Rad8 36. Ba4 Re7 37. Re3 Bxf3 38. Qxf3 f5 39. Qe2 Bxd4 40. Rxe6
Rxe6 41. Qxe6 Qxe6 42. Rxe6 Bc5 43. Re8+ Rxe8 44. Bxe8 1/2-1/2

[Event "YUG-chT"]
[Site "Vrnjacka Banja"]
[Date "1998.??.??"]
[Round "1"]
[White "Savanovic, Aleksandar"]
[Black "Velimirovic, Dragoljub"]
[Result "0-1"]
[WhiteElo "2435"]
[BlackElo "2535"]
[PlyCount "124"]
[EventDate "1998.08.??"]
[EventType "team"]
[EventRounds "11"]
[EventCountry "YUG"]
[Source "ChessBase"]
[SourceDate "2001.11.25"]
[WhiteTeamCountry "YUG"]
[BlackTeamCountry "RUS"]

1. e4 c5 2. Nf3 Nc6 3. d4 cxd4 4. Nxd4 g6 5. Nc3 Bg7 6. Nb3 Nf6 7. Be2 O-O 8.
O-O d6 9. Bg5 a5 10. a4 Be6 11. f4 Nd7 12. Kh1 Bxb3 13. cxb3 Nc5 14. Bc4 Bxc3
15. bxc3 Nxe4 16. Bh6 Nf6 17. Bxf8 Kxf8 18. Qf3 Qd7 19. Rad1 Qf5 20. h3 Rc8 21.
Qe3 Rc7 22. Bd3 Qc8 23. Be2 Nb8 24. c4 Na6 25. g4 Qe6 26. Qxe6 fxe6 27. Rf3 Nc5
28. Re3 Kf7 29. Bf3 Rc8 30. Kg2 Rg8 31. Rde1 g5 32. fxg5 Rxg5 33. h4 Rg7 34.
Kh3 h6 35. Rg1 e5 36. Bd5+ e6 37. Bf3 e4 38. Be2 d5 39. cxd5 exd5 40. g5 Ne6
41. Bg4 Nxg4 42. Kxg4 hxg5 43. Rf1+ Ke7 44. h5 Rh7 45. Rf5 Kd6 46. Re1 Nd4 47.
Rxg5 Nf3 48. Rg6+ Ke5 49. Rh1 d4 50. h6 d3 51. Rg7 Rh8 52. h7 d2 53. Kg3 Ne1
54. Rd7 e3 55. Rh6 Nd3 56. Rh5+ Ke6 57. Rhd5 Ne5 58. Rd8 e2 59. Kf4 Ng6+ 60.
Kg5 Rxd8 61. Rxd8 e1=Q 62. Kxg6 Qg3+ 0-1

[Event "YUG-chT"]
[Site "Vrnjacka Banja"]
[Date "1998.??.??"]
[Round "2"]
[White "Nikcevic, Nebojsa"]
[Black "Velimirovic, Dragoljub"]
[Result "1/2-1/2"]
[WhiteElo "2505"]
[BlackElo "2535"]
[PlyCount "53"]
[EventDate "1998.08.??"]
[EventType "team"]
[EventRounds "11"]
[EventCountry "YUG"]
[Source "ChessBase"]
[SourceDate "2001.11.25"]
[WhiteTeamCountry "YUG"]
[BlackTeamCountry "RUS"]

1. Nf3 c5 2. c4 g6 3. d4 cxd4 4. Nxd4 Nc6 5. e4 Nf6 6. Nc3 d6 7. Be2 Nxd4 8.
Qxd4 Bg7 9. Be3 O-O 10. Qd2 Be6 11. O-O Qa5 12. Rab1 Rfc8 13. b3 Ng4 14. Nd5
Qxd2 15. Bxd2 Kf8 16. Bg5 Bxd5 17. exd5 Nf6 18. Bd3 Rc7 19. Rfe1 Re8 20. Be3
Nd7 21. f4 Nc5 22. Bc2 e6 23. dxe6 Bc3 24. Bxc5 dxc5 25. Re2 Rxe6 26. Rxe6 fxe6
27. g3 1/2-1/2

[Event "YUG-chT"]
[Site "Vrnjacka Banja"]
[Date "1998.??.??"]
[Round "3"]
[White "Velimirovic, Dragoljub"]
[Black "Damljanovic, Branko"]
[Result "1-0"]
[WhiteElo "2535"]
[BlackElo "2540"]
[PlyCount "121"]
[EventDate "1998.08.??"]
[EventType "team"]
[EventRounds "11"]
[EventCountry "YUG"]
[Source "ChessBase"]
[SourceDate "2001.11.25"]
[WhiteTeamCountry "YUG"]
[BlackTeamCountry "RUS"]

1. e4 c5 2. Nf3 Nc6 3. d4 cxd4 4. Nxd4 Nf6 5. Nc3 d6 6. Bc4 Qb6 7. Nb3 e6 8.
Bf4 Ne5 9. Be2 a6 10. Be3 Qc7 11. f4 Nc4 12. Bxc4 Qxc4 13. Qf3 Qc7 14. O-O-O b5
15. a3 Bb7 16. f5 e5 17. Bg5 Rc8 18. Qd3 Nd7 19. Kb1 Nb6 20. Na5 Ba8 21. Bd2
Nc4 22. Nxc4 Qxc4 23. Qxc4 Rxc4 24. Rhe1 Be7 25. b3 Rd4 26. Be3 Rxd1+ 27. Rxd1
Kd7 28. Nd5 Bxd5 29. exd5 g6 30. Rf1 f6 31. Kb2 Rg8 32. g3 Rc8 33. g4 Rg8 34.
h3 Bd8 35. Rg1 Be7 36. h4 gxf5 37. gxf5 Rxg1 38. Bxg1 h5 39. c4 bxc4 40. b4 Kc7
41. Kc3 Kb7 42. Be3 a5 43. b5 Bd8 44. Bh6 Kc8 45. Kxc4 Bb6 46. Bg7 Bd8 47. Kb3
Kd7 48. Ka4 Ke7 49. Bh6 Bb6 50. Bd2 Kd7 51. Bxa5 Bf2 52. b6 Kc8 53. Kb5 Kb7 54.
Bb4 Bxb6 55. Bxd6 e4 56. Bg3 e3 57. a4 e2 58. a5 Bd4 59. a6+ Ka7 60. d6 Bb6 61.
d7 1-0

[Event "YUG-chT"]
[Site "Vrnjacka Banja"]
[Date "1998.??.??"]
[Round "4"]
[White "Martinovic, Slobodan"]
[Black "Velimirovic, Dragoljub"]
[Result "1/2-1/2"]
[WhiteElo "2470"]
[BlackElo "2535"]
[PlyCount "21"]
[EventDate "1998.08.??"]
[EventType "team"]
[EventRounds "11"]
[EventCountry "YUG"]
[Source "ChessBase"]
[SourceDate "2001.11.25"]
[WhiteTeamCountry "YUG"]
[BlackTeamCountry "RUS"]

1. e4 c5 2. Nf3 Nc6 3. d4 cxd4 4. Nxd4 g6 5. c4 Bg7 6. Be3 Nf6 7. Nc3 Ng4 8.
Qxg4 Nxd4 9. Qd1 Ne6 10. Qd2 d6 11. Rc1 1/2-1/2

[Event "YUG-chT"]
[Site "Vrnjacka Banja"]
[Date "1998.??.??"]
[Round "5"]
[White "Velimirovic, Dragoljub"]
[Black "Sokolov, Andrei"]
[Result "0-1"]
[WhiteElo "2535"]
[BlackElo "2580"]
[PlyCount "126"]
[EventDate "1998.08.??"]
[EventType "team"]
[EventRounds "11"]
[EventCountry "YUG"]
[Source "ChessBase"]
[SourceDate "2001.11.25"]
[WhiteTeamCountry "YUG"]
[BlackTeamCountry "RUS"]

1. e4 c5 2. Nf3 e6 3. d4 cxd4 4. Nxd4 Nf6 5. Nc3 d6 6. Be3 Nc6 7. Bc4 Be7 8.
Bb3 a6 9. g4 Nxd4 10. Qxd4 O-O 11. Rg1 b5 12. g5 Nd7 13. O-O-O Rb8 14. f4 a5
15. a4 bxa4 16. Qxa4 Rb4 17. Qa2 a4 18. Bxa4 Qc7 19. f5 Nc5 20. f6 Bd8 21. Qa3
Qb8 22. fxg7 Kxg7 23. Rd4 Rxd4 24. Bxd4+ Kg8 25. Bf6 Ba5 26. Ne2 Nxe4 27. Qh3
Bd2+ 28. Kb1 Qa7 29. Bc6 e5 30. Qg2 Be6 31. c4 Nc5 32. Be4 Nxe4 33. Qxe4 Qe3
34. Qxe3 Bxe3 35. Rg3 Bf5+ 36. Ka2 Ra8+ 37. Kb3 Rb8+ 38. Kc3 Bc5 39. b3 Bb4+
40. Kb2 Ra8 41. Nc3 Ba3+ 42. Ka2 Bc5+ 43. Na4 Bd7 44. Kb2 Bxa4 45. bxa4 Rxa4
46. Rb3 Rb4 47. Rxb4 Bxb4 48. Kb3 Bc5 49. Kc3 e4 50. Kd2 Kf8 51. Ke2 Ke8 52.
Kf1 Kd7 53. Kg2 Ke6 54. Kg3 Kf5 55. Be7 Bb4 56. h3 Be1+ 57. Kg2 Ke6 58. Bd8 Kd7
59. Bb6 Bh4 60. Be3 d5 61. cxd5 Kd6 62. Bb6 Bxg5 63. Kg3 f5 0-1

[Event "YUG-chT"]
[Site "Vrnjacka Banja"]
[Date "1998.??.??"]
[Round "7"]
[White "Velimirovic, Dragoljub"]
[Black "Simic, Radoslav"]
[Result "1-0"]
[WhiteElo "2535"]
[BlackElo "2435"]
[PlyCount "159"]
[EventDate "1998.08.??"]
[EventType "team"]
[EventRounds "11"]
[EventCountry "YUG"]
[Source "ChessBase"]
[SourceDate "2001.11.25"]
[WhiteTeamCountry "YUG"]
[BlackTeamCountry "RUS"]

1. e4 c5 2. Nf3 Nc6 3. d4 cxd4 4. Nxd4 e5 5. Nb5 d6 6. Bg5 Qxg5 7. Nc7+ Kd8 8.
Nxa8 Bg4 9. f3 Qe3+ 10. Be2 Be6 11. a4 Bc4 12. Nd2 Bxe2 13. Qxe2 Qxe2+ 14. Kxe2
Kc8 15. a5 Kb8 16. Nb6 axb6 17. axb6 Nf6 18. c3 d5 19. b4 Be7 20. Ra2 Kc8 21.
Rc1 Kd7 22. b5 Nd8 23. c4 dxc4 24. Nxc4 Ke6 25. Ra8 Nd7 26. Rd1 f6 27. Rc8 Nf7
28. Rc7 Nd6 29. Nxd6 Bxd6 30. Rxb7 Rc8 31. Ra7 Rb8 32. Rc1 Nc5 33. Rxg7 Rxb6
34. Rb1 h6 35. Rh7 Bf8 36. Rc7 Kd6 37. Rc8 Ne6 38. Kd3 Kd7 39. Ra8 Bc5 40. Kc4
Rd6 41. Rh8 Be3 42. Rh7+ Kc8 43. Ra1 Nc7 44. Rb1 Kb7 45. b6 Bxb6 46. Rxh6 Kc6
47. h4 Ba5 48. Ra1 Rd4+ 49. Kb3 Kb5 50. Rxf6 Na6 51. Rxa5+ Kxa5 52. Rf5 Nc5+
53. Kc3 Kb5 54. Rxe5 Rd3+ 55. Kc2 Ra3 56. Rg5 Kc4 57. Kd2 Ne6 58. Rg8 Nf4 59.
Ke1 Kd4 60. Kf2 Ra2+ 61. Kg1 Ke3 62. Rg4 Nxg2 63. Rxg2 Ra1+ 64. Kh2 Kxf3 65. e5
Ra5 66. Rg5 Kf4 67. e6 Ra8 68. e7 Re8 69. Rg7 Kf5 70. h5 Kf6 71. h6 Ra8 72. Kh3
Rb8 73. Kg4 Rc8 74. Kf4 Rb8 75. Ke4 Ra8 76. Kd5 Rc8 77. Kd6 Ra8 78. Kc6 Ra6+
79. Kb7 Re6 80. Kc7 1-0

[Event "YUG-chT"]
[Site "Vrnjacka Banja"]
[Date "1998.??.??"]
[Round "8"]
[White "Notkin, Maksim"]
[Black "Velimirovic, Dragoljub"]
[Result "1/2-1/2"]
[WhiteElo "2505"]
[BlackElo "2535"]
[PlyCount "121"]
[EventDate "1998.08.??"]
[EventType "team"]
[EventRounds "11"]
[EventCountry "YUG"]
[Source "ChessBase"]
[SourceDate "2001.11.25"]
[WhiteTeamCountry "YUG"]
[BlackTeamCountry "RUS"]

1. d4 c5 2. d5 Nf6 3. c4 e6 4. Nc3 exd5 5. cxd5 d6 6. e4 g6 7. h3 Bg7 8. Bd3
O-O 9. Nf3 b5 10. Bxb5 Nxe4 11. Nxe4 Qa5+ 12. Nfd2 Qxb5 13. Nxd6 Qa6 14. N2c4
Nd7 15. O-O Ne5 16. Nxe5 Bxe5 17. Nxc8 Raxc8 18. Re1 Qf6 19. Rb1 Rfd8 20. Qg4
h5 21. Qc4 Qf5 22. Qe4 Qxe4 23. Rxe4 Rxd5 24. Be3 c4 25. f4 Bf6 26. Rc1 Ra5 27.
Rcxc4 Rxc4 28. Rxc4 Rxa2 29. b4 a6 30. Kf1 Kg7 31. Rc6 Ba1 32. Bc5 Bc3 33. Rb6
f5 34. Rb7+ Kf6 35. Rb6+ Kf7 36. Rc6 Bd2 37. g3 h4 38. gxh4 Bxf4 39. Bd4 Rd2
40. Bf2 Rd6 41. Rc5 Rd3 42. h5 Rxh3 43. hxg6+ Kxg6 44. Rc6+ Kg5 45. Rxa6 Rb3
46. Be1 Rb2 47. Ra3 Kg4 48. Rd3 Bc1 49. Rg3+ Kf4 50. Rg2 Rb1 51. Rc2 Kf3 52.
Rf2+ Ke4 53. Rc2 f4 54. b5 Be3 55. Rc4+ Kd3 56. Rc3+ Kd4 57. Rc2 f3 58. Ra2 Ke4
59. Ra4+ Bd4 60. b6 Kd5 61. Rb4 1/2-1/2

[Event "YUG-chT"]
[Site "Vrnjacka Banja"]
[Date "1998.??.??"]
[Round "9"]
[White "Velimirovic, Dragoljub"]
[Black "Zontakh, Andrey"]
[Result "0-1"]
[WhiteElo "2535"]
[BlackElo "2545"]
[PlyCount "76"]
[EventDate "1998.08.??"]
[EventType "team"]
[EventRounds "11"]
[EventCountry "YUG"]
[Source "ChessBase"]
[SourceDate "2001.11.25"]
[WhiteTeamCountry "YUG"]
[BlackTeamCountry "RUS"]

1. e4 c6 2. d4 d5 3. exd5 cxd5 4. c4 Nf6 5. Nc3 e6 6. Nf3 Bb4 7. Bd3 dxc4 8.
Bxc4 O-O 9. O-O b6 10. Qe2 Bb7 11. Rd1 Nbd7 12. Bg5 Bxc3 13. bxc3 Qc7 14. Bd3
Qxc3 15. Ne5 Qa5 16. Qe3 Rac8 17. Qh3 Nxe5 18. dxe5 Ne4 19. Bh4 h6 20. f3 Qc5+
21. Kf1 Nc3 22. Bf6 Nxd1 23. Rxd1 Rfe8 24. Qg4 Qf8 25. Bb5 Bc6 26. Bxc6 Rxc6
27. Rd7 a6 28. a3 b5 29. Rb7 Rc4 30. f4 Rc2 31. h3 g6 32. Kg1 Qxa3 33. Kh2 Qc5
34. Rd7 Qc6 35. Rd6 Qe4 36. Rxa6 Rec8 37. Rb6 Rxg2+ 38. Qxg2 Qxf4+ 0-1

[Event "YUG-chT"]
[Site "Vrnjacka Banja"]
[Date "1998.??.??"]
[Round "10"]
[White "Ivanovic, Bozidar"]
[Black "Velimirovic, Dragoljub"]
[Result "1/2-1/2"]
[WhiteElo "2515"]
[BlackElo "2535"]
[PlyCount "25"]
[EventDate "1998.08.??"]
[EventType "team"]
[EventRounds "11"]
[EventCountry "YUG"]
[Source "ChessBase"]
[SourceDate "2001.11.25"]
[WhiteTeamCountry "YUG"]
[BlackTeamCountry "RUS"]

1. e4 c5 2. Nf3 Nc6 3. d4 cxd4 4. Nxd4 g6 5. Nc3 Bg7 6. Nb3 Nf6 7. Be2 O-O 8.
Bg5 d6 9. O-O Be6 10. Qd2 a5 11. a4 Nd7 12. Rfe1 Rc8 13. Bb5 1/2-1/2

[Event "Panormo zt"]
[Site "Panormo"]
[Date "1998.10.24"]
[Round "1"]
[White "Stefanopoulos, Orestis"]
[Black "Velimirovic, Dragoljub"]
[Result "0-1"]
[WhiteElo "2320"]
[BlackElo "2535"]
[PlyCount "82"]
[EventDate "1998.10.24"]
[EventType "swiss"]
[EventRounds "11"]
[EventCountry "GRE"]
[Source "ChessBase"]
[SourceDate "1999.01.01"]
[WhiteTeamCountry "YUG"]
[BlackTeamCountry "RUS"]

1. e4 c5 2. Nf3 d6 3. c3 Nf6 4. Be2 Nc6 5. d4 cxd4 6. cxd4 d5 7. e5 Ne4 8. O-O
e6 9. Ne1 f5 10. f3 Ng5 11. Nc3 Be7 12. Be3 O-O 13. Qd2 Kh8 14. Rc1 f4 15. Bf2
Nf7 16. a3 Nh6 17. Na4 Na5 18. Qd1 b6 19. Nc3 Bb7 20. Qa4 a6 21. b4 Nc4 22.
Bxc4 dxc4 23. Ne4 Nf5 24. Qd1 a5 25. b5 Bxa3 26. Rxc4 Bd5 27. Ra4 Bb4 28. Nd3
Ne3 29. Bxe3 fxe3 30. Nxb4 axb4 31. Rxb4 Bxe4 32. fxe4 Ra2 33. Rc4 Rxf1+ 34.
Qxf1 h6 35. d5 Rf2 36. Qe1 Qg5 37. g3 Qh5 38. Qxf2 exf2+ 39. Kxf2 exd5 40. exd5
Qxe5 41. Rc8+ Kh7 0-1

[Event "Panormo zt"]
[Site "Panormo"]
[Date "1998.10.25"]
[Round "2"]
[White "Velimirovic, Dragoljub"]
[Black "Moutousis, Konstantinos"]
[Result "1-0"]
[WhiteElo "2535"]
[BlackElo "2475"]
[PlyCount "85"]
[EventDate "1998.10.24"]
[EventType "swiss"]
[EventRounds "11"]
[EventCountry "GRE"]
[Source "ChessBase"]
[SourceDate "1999.01.01"]
[WhiteTeamCountry "YUG"]
[BlackTeamCountry "RUS"]

1. e4 e6 2. d4 d5 3. Nc3 Nf6 4. Bg5 Bb4 5. e5 h6 6. Bd2 Bxc3 7. bxc3 Ne4 8. Qg4
g6 9. Bc1 c5 10. Bd3 Bd7 11. Ne2 cxd4 12. cxd4 Qa5+ 13. c3 Bb5 14. Bxb5+ Qxb5
15. f3 Ng5 16. h4 Nh7 17. Bxh6 Nd7 18. Qf4 Qd3 19. Kf2 Qf5 20. Qd2 g5 21. Bxg5
Nxg5 22. Qxg5 Qh7 23. h5 Rg8 24. Qh4 Rc8 25. h6 Nb6 26. Rh3 Kd7 27. Rah1 Nc4
28. Rg3 Rxg3 29. Qxg3 Rg8 30. Qf4 Ke8 31. g4 Nb2 32. Qd2 Nc4 33. Qd1 Kf8 34.
Qb1 Qxb1 35. Rxb1 b6 36. Nf4 Rh8 37. g5 Kg8 38. Rg1 Na5 39. Rh1 Nc6 40. g6 Ne7
41. h7+ Kg7 42. gxf7 Kxf7 43. Rh6 1-0

[Event "Panormo zt"]
[Site "Panormo"]
[Date "1998.10.26"]
[Round "3"]
[White "Vaganian, Rafael"]
[Black "Velimirovic, Dragoljub"]
[Result "1/2-1/2"]
[WhiteElo "2630"]
[BlackElo "2535"]
[PlyCount "67"]
[EventDate "1998.10.24"]
[EventType "swiss"]
[EventRounds "11"]
[EventCountry "GRE"]
[Source "ChessBase"]
[SourceDate "1999.01.01"]
[WhiteTeamCountry "YUG"]
[BlackTeamCountry "RUS"]

1. Nf3 c5 2. c4 g6 3. e4 Nc6 4. d4 cxd4 5. Nxd4 Nf6 6. Nc3 d6 7. Be2 Nxd4 8.
Qxd4 Bg7 9. Bg5 O-O 10. Qe3 Be6 11. O-O Qb6 12. Rab1 Qxe3 13. Bxe3 Rfc8 14. b3
Ng4 15. Bd2 Be5 16. Nd5 Bxd5 17. Bxg4 Be6 18. Bxe6 fxe6 19. Be3 Bc3 20. Rfd1
Bb4 21. e5 dxe5 22. Rd7 b6 23. Rbd1 Kf7 24. Kf1 Ke8 25. R7d3 Rc6 26. Ke2 Rd6
27. f4 Rxd3 28. Rxd3 exf4 29. Bxf4 Rd8 30. Rxd8+ Kxd8 31. Kf3 Bd6 32. Ke4 Kd7
33. h3 Kc6 34. Be3 1/2-1/2

[Event "Panormo zt"]
[Site "Panormo"]
[Date "1998.10.27"]
[Round "4"]
[White "Velimirovic, Dragoljub"]
[Black "Pavlovic, Milos"]
[Result "1-0"]
[WhiteElo "2535"]
[BlackElo "2505"]
[PlyCount "43"]
[EventDate "1998.10.24"]
[EventType "swiss"]
[EventRounds "11"]
[EventCountry "GRE"]
[Source "ChessBase"]
[SourceDate "1999.01.01"]
[WhiteTeamCountry "YUG"]
[BlackTeamCountry "RUS"]

1. e4 c5 2. Nf3 e6 3. d4 cxd4 4. Nxd4 Qb6 5. Nb3 Qc7 6. Nc3 a6 7. Bd3 b5 8. Be3
Bb7 9. f4 Nf6 10. O-O d6 11. e5 dxe5 12. fxe5 Nfd7 13. Rxf7 Kxf7 14. Qh5+ g6
15. Bxg6+ hxg6 16. Qxh8 Nxe5 17. Qh7+ Bg7 18. Bh6 Qb6+ 19. Kh1 Bxg2+ 20. Kxg2
Qc6+ 21. Kg1 Nf3+ 22. Kf2 1-0

[Event "Panormo zt"]
[Site "Panormo"]
[Date "1998.10.28"]
[Round "5"]
[White "Djuric, Stefan"]
[Black "Velimirovic, Dragoljub"]
[Result "1/2-1/2"]
[WhiteElo "2500"]
[BlackElo "2535"]
[PlyCount "120"]
[EventDate "1998.10.24"]
[EventType "swiss"]
[EventRounds "11"]
[EventCountry "GRE"]
[Source "ChessBase"]
[SourceDate "1999.01.01"]
[WhiteTeamCountry "YUG"]
[BlackTeamCountry "RUS"]

1. Nf3 c5 2. g3 Nc6 3. Bg2 g6 4. O-O Bg7 5. c4 d6 6. Nc3 a6 7. e3 Nf6 8. d4 O-O
9. Qe2 Bg4 10. dxc5 dxc5 11. h3 Bd7 12. Rd1 Qc8 13. Kh2 Rb8 14. Nd5 Nxd5 15.
cxd5 Nb4 16. e4 Ba4 17. Rd2 c4 18. Ne1 a5 19. e5 e6 20. dxe6 fxe6 21. a3 Nd5
22. Nf3 Bb5 23. Qd1 Bc6 24. Qe2 Rf5 25. a4 Nb4 26. Nd4 Rxe5 27. Nxc6 Rxe2 28.
Ne7+ Kf7 29. Nxc8 Rxd2 30. Bxd2 Rxc8 31. Rb1 b6 32. Bf1 Bxb2 33. Rxb2 c3 34.
Bxc3 Rxc3 35. Kg2 Ke7 36. Bb5 Nd5 37. Be2 Ra3 38. Bb5 Nc3 39. Bc6 Kd6 40. Be8
Kc7 41. Rd2 Nd5 42. Re2 Kd6 43. Bf7 Nc7 44. Re4 Ke7 45. Bg8 Kf6 46. Rc4 Na6 47.
Rf4+ Ke5 48. Bxh7 Nc5 49. Bxg6 Rxa4 50. Rf8 Nd7 51. Rd8 Rd4 52. h4 a4 53. h5
Kf6 54. Bc2 Kg5 55. Bxa4 Rxa4 56. Rxd7 Kxh5 57. Rd6 Re4 58. Rxb6 Kg6 59. f4 Kf6
60. Kf3 Ra4 1/2-1/2

[Event "Panormo zt"]
[Site "Panormo"]
[Date "1998.10.30"]
[Round "7"]
[White "Anastasian, Ashot"]
[Black "Velimirovic, Dragoljub"]
[Result "1/2-1/2"]
[WhiteElo "2560"]
[BlackElo "2535"]
[PlyCount "45"]
[EventDate "1998.10.24"]
[EventType "swiss"]
[EventRounds "11"]
[EventCountry "GRE"]
[Source "ChessBase"]
[SourceDate "1999.01.01"]
[WhiteTeamCountry "YUG"]
[BlackTeamCountry "RUS"]

1. b4 Nf6 2. Bb2 e6 3. a3 c5 4. bxc5 Bxc5 5. e3 a6 6. c4 O-O 7. Nf3 Nc6 8. Qc2
Be7 9. Bd3 d6 10. Nc3 Bd7 11. g4 Nxg4 12. Bxh7+ Kh8 13. Rg1 f5 14. Bg6 Nce5 15.
Nxe5 Nxe5 16. f4 Nf3+ 17. Kf2 Nxg1 18. Rxg1 Be8 19. Qd1 Bxg6 20. Rxg6 Bf6 21.
Qh5+ Kg8 22. Ne4 fxe4 23. Rh6 1/2-1/2

[Event "Panormo zt"]
[Site "Panormo"]
[Date "1998.11.01"]
[Round "9"]
[White "Velimirovic, Dragoljub"]
[Black "Minasian, Artashes"]
[Result "1-0"]
[WhiteElo "2535"]
[BlackElo "2620"]
[PlyCount "81"]
[EventDate "1998.10.24"]
[EventType "swiss"]
[EventRounds "11"]
[EventCountry "GRE"]
[Source "ChessBase"]
[SourceDate "1999.01.01"]
[WhiteTeamCountry "YUG"]
[BlackTeamCountry "RUS"]

1. e4 g6 2. d4 c6 3. f4 d5 4. e5 h5 5. c4 Nh6 6. Nc3 Be6 7. Qb3 Qb6 8. c5 Qc7
9. Be3 Nd7 10. Nf3 Bg4 11. Nd2 h4 12. h3 Be6 13. Bd3 Nf5 14. Bf2 Nxc5 15. dxc5
d4 16. Nb5 cxb5 17. Bxb5+ Bd7 18. O-O Bh6 19. Nf3 Bxf4 20. Bxd7+ Qxd7 21. Rad1
Qe6 22. Qxb7 O-O 23. Qe4 Be3 24. Bxe3 dxe3 25. Ng5 Qa6 26. Rde1 Rad8 27. Rxf5
gxf5 28. Qxh4 Qg6 29. Rxe3 f4 30. Qxf4 Rd3 31. Re4 f5 32. Rc4 Rc8 33. c6 e6 34.
c7 Rd7 35. Rc6 Re7 36. Qd2 f4 37. Qd8+ Re8 38. Qf6 Qxf6 39. exf6 Kf8 40. h4 e5
41. h5 1-0

[Event "YUG Cup"]
[Site "Herceg Novi"]
[Date "1999.??.??"]
[Round "?"]
[White "Atalik, Suat"]
[Black "Velimirovic, Dragoljub"]
[Result "1/2-1/2"]
[WhiteElo "2593"]
[BlackElo "2563"]
[PlyCount "66"]
[EventDate "1999.??.??"]
[EventType "team"]
[EventRounds "6"]
[EventCountry "YUG"]
[Source "ChessBase"]
[SourceDate "2000.11.22"]
[WhiteTeamCountry "YUG"]
[BlackTeamCountry "RUS"]

1. d4 c5 2. d5 Nf6 3. c4 g6 4. Nc3 Bg7 5. e4 d6 6. Bd3 O-O 7. h3 e6 8. Nf3 exd5
9. cxd5 b5 10. Bxb5 Nxe4 11. Nxe4 Qa5+ 12. Nfd2 Qxb5 13. Nxd6 Qa6 14. N2c4 Nd7
15. O-O Ne5 16. Nxc8 Raxc8 17. Nxe5 Bxe5 18. Re1 Qf6 19. Rb1 Rfd8 20. b3 Bd4
21. Qc2 Rxd5 22. Bb2 Qa6 23. Ba1 Rcd8 24. Rbd1 Qa5 25. Bxd4 cxd4 26. Re7 d3 27.
Qc7 d2 28. Qxa5 Rxa5 29. a4 Rd3 30. Re3 Rad5 31. Kf1 Rxe3 32. fxe3 Rd3 33. b4
Rb3 1/2-1/2

[Event "YUG Cup"]
[Site "Herceg Novi"]
[Date "1999.??.??"]
[Round "?"]
[White "Damljanovic, Branko"]
[Black "Velimirovic, Dragoljub"]
[Result "0-1"]
[WhiteElo "2551"]
[BlackElo "2563"]
[PlyCount "108"]
[EventDate "1999.??.??"]
[EventType "team"]
[EventRounds "6"]
[EventCountry "YUG"]
[Source "ChessBase"]
[SourceDate "2000.11.22"]
[WhiteTeamCountry "YUG"]
[BlackTeamCountry "RUS"]

1. Nf3 c5 2. e4 d6 3. d4 cxd4 4. Nxd4 Nf6 5. Nc3 g6 6. Be2 Bg7 7. Nb3 Nc6 8.
O-O O-O 9. Re1 a5 10. a4 Be6 11. Bf1 Rc8 12. Nd5 Bxd5 13. exd5 Nb4 14. c4 Nd7
15. Nd4 Bxd4 16. Qxd4 Nc2 17. Qc3 Nxe1 18. Bh6 Nf3+ 19. gxf3 Nf6 20. Bh3 Rc5
21. Re1 Qc7 22. Re4 Rb8 23. Qd4 Kh8 24. Bg4 Rg8 25. b3 Qd8 26. h4 Re8 27. Rf4
Rg8 28. Kf1 Rg7 29. Bh3 Kg8 30. Re4 Qf8 31. Re3 Kh8 32. Bxg7+ Kxg7 33. f4 Qd8
34. f5 Kf8 35. Qf4 Kg7 36. Qg5 Rc7 37. Rg3 Ne4 38. Qe3 Nxg3+ 39. fxg3 Qh8 40.
Qb6 Rc5 41. Qxb7 Qd8 42. fxg6 hxg6 43. Bg4 Qc7 44. Qa8 Qb6 45. Bd1 Rc7 46. g4
Qd4 47. Be2 Qf4+ 48. Kg2 Qe3 49. Kf1 Qh3+ 50. Ke1 Qxh4+ 51. Kd1 Qg3 52. Kc2 Qe3
53. Bd3 Qb6 54. Qe8 Rb7 0-1

[Event "YUG Cup"]
[Site "Herceg Novi"]
[Date "1999.??.??"]
[Round "?"]
[White "Velimirovic, Dragoljub"]
[Black "Ivanisevic, Ivan"]
[Result "0-1"]
[WhiteElo "2563"]
[BlackElo "2457"]
[PlyCount "66"]
[EventDate "1999.??.??"]
[EventType "team"]
[EventRounds "6"]
[EventCountry "YUG"]
[Source "ChessBase"]
[SourceDate "2000.11.22"]
[WhiteTeamCountry "YUG"]
[BlackTeamCountry "RUS"]

1. e4 c5 2. Nf3 Nc6 3. d4 cxd4 4. Nxd4 Qc7 5. Nc3 e6 6. Be2 a6 7. O-O Nf6 8.
Be3 Bb4 9. Na4 Be7 10. c4 Nxe4 11. c5 O-O 12. g3 Nf6 13. Bf3 Ne5 14. Bg2 Nc4
15. Bf4 e5 16. Nf5 d6 17. cxd6 Nxd6 18. Rc1 Qd8 19. Nxe7+ Qxe7 20. Re1 Bg4 21.
Qd2 Nd7 22. Rc7 Rad8 23. h3 Be6 24. Bg5 f6 25. Rxe5 Nf7 26. Rxe6 Qxe6 27. Bd5
Qxh3 28. Bf4 Kh8 29. Bxf7 Ne5 30. Bd5 Ng4 31. Nc3 Rfe8 32. f3 Nh2 33. Rc4 Rxd5
0-1

[Event "YUG Cup"]
[Site "Herceg Novi"]
[Date "1999.??.??"]
[Round "?"]
[White "Velimirovic, Dragoljub"]
[Black "Lajthajm, Borko"]
[Result "1/2-1/2"]
[WhiteElo "2563"]
[BlackElo "2420"]
[PlyCount "140"]
[EventDate "1999.??.??"]
[EventType "team"]
[EventRounds "6"]
[EventCountry "YUG"]
[Source "ChessBase"]
[SourceDate "2000.11.22"]
[WhiteTeamCountry "YUG"]
[BlackTeamCountry "RUS"]

1. e4 c5 2. Nf3 d6 3. d4 cxd4 4. Nxd4 Nf6 5. Nc3 a6 6. Bg5 e6 7. f4 Qc7 8. f5
Nc6 9. fxe6 fxe6 10. Bxf6 gxf6 11. Be2 Nxd4 12. Qxd4 Be7 13. Bh5+ Kd8 14. e5
fxe5 15. Qg4 Rf8 16. O-O-O Bd7 17. Rhf1 Qc5 18. Rxf8+ Bxf8 19. Ne4 Qe3+ 20. Kb1
Kc7 21. Ng5 Rc8 22. Nxe6+ Kb8 23. Qf5 Qh6 24. Bg4 Re8 25. Qf7 Re7 26. Qxf8+
Qxf8 27. Nxf8 Bxg4 28. Rf1 e4 29. h3 Bc8 30. Kc1 e3 31. Re1 Kc7 32. Nxh7 Rxh7
33. Rxe3 Bd7 34. g4 d5 35. c3 Kd6 36. Rf3 Ke5 37. Kd2 Ke4 38. Re3+ Kf4 39. Rd3
Bb5 40. Rxd5 Rxh3 41. Rd4+ Kg5 42. Kc2 Be2 43. Rb4 Rh7 44. a4 Bxg4 45. Rb6 Rd7
46. Kb3 Kf5 47. Kb4 Ke5 48. Ka5 Rd5+ 49. Kb4 Bc8 50. c4 Rd6 51. Kc5 Rd7 52. b3
Rc7+ 53. Kb4 Be6 54. Ka5 Re7 55. c5 Kd5 56. b4 Bc8 57. Rd6+ Kc4 58. c6 b5 59.
Rd8 Bf5 60. axb5 axb5 61. Rd1 Ra7+ 62. Kb6 Ra8 63. Rf1 Rb8+ 64. Ka7 Rc8 65.
Rf4+ Kb3 66. Kb7 Be6 67. c7 Re8 68. Rd4 Re7 69. Kc6 Kc3 70. Rf4 Rxc7+ 1/2-1/2